000 00454nam a2200181Ia 4500
001 9712
005 20260306161738.0
008 260306t1994||||xx |||||||||||||| ||spa||
041 _aESP
082 _a401.9
_bB38
100 _aBelinchón Carmona, Mercedes
_eAUT
245 0 _aPsicología del lenguaje:
_binvestigación y teoría
260 _c1994
300 _a841 páginas :
_c23 cm.
650 _aGEN
654 _aCHU
942 _cLIB
_dJUS
_fJUS
_2ddc
_n
999 _c9712
_d9712